| 000 | 00668nam a2200205 a 4500 | ||
|---|---|---|---|
| 005 | 20230519063639.0 | ||
| 008 | 991125s1993 mx 000 0 spa u | ||
| 020 | _a9684962436 | ||
| 035 | _aUPN01000025873 | ||
| 049 | _aSEP | ||
| 050 | 4 |
_aF1234 CH3 _bC7.3 |
|
| 100 | 1 |
_aCruz Pérez, Víctor de la, _d1948-2015 _941617 |
|
| 245 | 1 | 3 |
_aEl general Charis y la pacificación del México postrevolucionario / _cVíctor de la Cruz. |
| 260 |
_aMéxico : _bCIESAS : _bLa Casa Chata, _c1993. |
||
| 300 | _a257 p. | ||
| 500 | _a"Premío Casa Chata" | ||
| 600 | 1 | 4 |
_aCHARIS CASTRO, HELIODORO, _d1896-1964 _911615 |
| 651 | 4 |
_aMéxico _xHistoria _y1910-1946 _91296 |
|
| 905 | _aLibro | ||
| 999 |
_c25873 _d25873 |
||